La antigüedad como futuro: estudio sobre la estética del neoclasicismo europeo
Gorde:
| Egile nagusia: | |
|---|---|
| Formatua: | Liburua |
| Hizkuntza: | gaztelania |
| Argitaratua: |
Madrid
Visor
1990
|
| Saila: | La Balsa de la Medusa, 32
|
| Gaiak: | |
| Etiketak: |
Etiketa erantsi
Etiketarik gabe, Izan zaitez lehena erregistro honi etiketa jartzen!
|
MARC
| LEADER | 00000nam a2200000 a 4500 | ||
|---|---|---|---|
| 001 | UCX7486 | ||
| 003 | CL-VaPUC | ||
| 008 | 931213e19900000SP |||||||||||||||||spa|d | ||
| 082 | 0 | 4 | |a 701.17 |b ASS |2 21 |
| 100 | 0 | |a Assunto, Rosario |e author |9 324338 | |
| 245 | 1 | 3 | |a La antigüedad como futuro: estudio sobre la estética del neoclasicismo europeo |
| 300 | |a 179 p | ||
| 942 | |c BK | ||
| 945 | |d 19931213 00:00:00 |a aalvarez | ||
| 260 | |a Madrid |b Visor |c 1990 | ||
| 650 | 0 | |a Estética |9 264950 | |
| 583 | |a last modification |c 19931213 00:00:00 |k Rodrigo Vera | ||
| 490 | 0 | |a La Balsa de la Medusa, 32 | |
| 999 | |c 227294 |d 227292 | ||
| 952 | |0 0 |1 0 |4 0 |6 701_170000000000000_ASS_1990 |7 0 |8 A |9 226205 |a BIBART |b BIBART |d 2019-11-15 |i 2953919 |o 701.17 ASS 1990 |p 2953919 |r 2025-03-13 |w 2019-11-15 |y BK |k ART | ||
| 952 | |0 0 |1 0 |4 0 |6 701_170000000000000_ASS_1990 |7 0 |8 A |9 226206 |a BIBHIS |b BIBHIS |d 2019-11-15 |i 3134326 |o 701.17 ASS 1990 |p 3134326 |r 2025-01-20 |w 2019-11-15 |y BK |k HIS | ||